000
00311nam a22001337a 4500
003
SGT
082
_a
370
_b
R14T
100
_a
TYAGI, POOJA
245
_a
RECENT TRENDS IN TRANSCTIONAL MODE OF TEACHER EDUCATION:ICT
260
_a
NEW DELHI
_b
OMEGA
_c
2014
300
_a
136
650
_a
EDUCATION
942
_2
ddc
_c
BK
999
_c
11681
_d
11681